Can you name a movie that features animals? - Statistics

General Stats
  • This quiz has been taken 7 times
  • The average score is 15 of 24
Answer Stats
Picture Answer % Correct
King Kong
100%
Kung fu panda
100%
Lion king
100%
Paddington
100%
planet of the apes
100%
Bolt
83%
Garfield
83%
IceAge
83%
Jurassic world
83%
Life of pi
83%
Madagascar
83%
The jungle book
83%
Alvin and the chipmunks
67%
Peter rabbit
67%
Rio
67%
Zootopia
67%
Fantastic beasts
50%
Pets
33%
Puss in boots
33%
Hop
17%
Rise of the guardians
17%
The bad guys
17%
The skull island
17%
Dr. Dolittle
0%
No matching quizzes found
Score Distribution
Percent of People with Each Score
Percentile by Number Answered
Your Score History
You have not taken this quiz